[Event "Kadetska liga - dekleta"]
[Site "Nova Gorica"]
[Date "2019.05.24"]
[Round "1"]
[White "Kralj, Nika"]
[Black "Lukac, Alina"]
[Result "1-0"]
[WhiteElo "1841"]
[BlackElo "1335"]
[PlyCount "69"]
[EventDate "2019.05.24"]

1. e4 c5 2. Nf3 d6 3. d4 cxd4 4. Nxd4 Nf6 5. Nc3 e6 6. Be2 Be7 7. O-O a6 8. a4
O-O 9. f4 Qc7 10. Be3 Bd7 11. Qe1 Nc6 12. Nb3 Rac8 13. Bf3 Rfd8 14. Qf2 Qb8 15.
Qg3 Kh8 16. Rad1 Qc7 17. Qf2 Qb8 18. a5 Nb4 19. Bb6 Re8 20. e5 dxe5 21. fxe5
Qxe5 22. Bxb7 Rb8 23. Rfe1 Qh5 24. Bf3 Qg6 25. Re2 Rec8 26. Ba7 Rb5 27. Nxb5
Bxb5 28. c3 Bxe2 29. Qxe2 Nbd5 30. Qxa6 Rc7 31. Bb6 Rd7 32. Qc8+ Ng8 33. Qxd7
Bf6 34. Bxd5 exd5 35. a6 1-0

[Event "Kadetska liga - dekleta"]
[Site "Nova Gorica"]
[Date "2019.05.24"]
[Round "1"]
[White "Lukac, Ema"]
[Black "Petauer, Ana Marija"]
[Result "0-1"]
[WhiteElo "1084"]
[BlackElo "1468"]
[PlyCount "102"]
[EventDate "2019.05.24"]

1. e4 e5 2. Nf3 Nc6 3. Bb5 d6 4. c3 a6 5. Ba4 Bg4 6. h3 Bh5 7. O-O Nf6 8. d3
Be7 9. Nbd2 O-O 10. Re1 b5 11. Bc2 h6 12. Nf1 Bg6 13. Ng3 Nh7 14. Be3 Ng5 15.
Bxg5 Bxg5 16. Nxg5 Qxg5 17. Qf3 Ne7 18. Bd1 Rab8 19. Qg4 Qxg4 20. Bxg4 f5 21.
Bxf5 Nxf5 22. Nxf5 Bxf5 23. exf5 Rxf5 24. Re4 Rbf8 25. Rf1 c5 26. b3 Rf4 27. f3
R4f6 28. d4 cxd4 29. cxd4 exd4 30. Rxd4 Re6 31. Rf2 Re1+ 32. Rf1 Rxf1+ 33. Kxf1
Rd8 34. g4 d5 35. Rd1 Kf7 36. Re1 Kf6 37. f4 g6 38. Kf2 h5 39. Kf3 h4 40. Re5
d4 41. Ke2 Rc8 42. Kd3 Rc3+ 43. Kxd4 Rxh3 44. g5+ Kf7 45. Kd5 Rf3 46. Re4 h3
47. Kd6 Rd3+ 48. Kc5 Rd8 49. Rb4 h2 50. f5 h1=Q 51. Rf4 Qd5+ 0-1

[Event "Kadetska liga - dekleta"]
[Site "Nova Gorica"]
[Date "2019.05.24"]
[Round "1"]
[White "Vicic, Spelca"]
[Black "Ruzic, Pia Marie"]
[Result "0-1"]
[WhiteElo "1422"]
[BlackElo "1959"]
[PlyCount "62"]
[EventDate "2019.05.24"]

1. e4 e6 2. d4 d5 3. exd5 exd5 4. Bb5+ Bd7 5. Qe2+ Qe7 6. Qxe7+ Bxe7 7. Bxd7+
Nxd7 8. Nf3 Bd6 9. O-O Ne7 10. Re1 f6 11. Bd2 Kf7 12. Nc3 c6 13. Re2 Rhe8 14.
Rae1 b5 15. Re6 Bc7 16. b3 Nf8 17. a4 Nxe6 18. axb5 cxb5 19. Nxb5 Bb8 20. Be3
a6 21. Ra1 axb5 22. Rxa8 Bxh2+ 23. Nxh2 Rxa8 24. Ng4 Nf5 25. Bd2 Nexd4 26. Ne3
Nxe3 27. Bxe3 Nxc2 28. Bf4 d4 29. Kf1 d3 30. b4 Ra1+ 31. Bc1 Rxc1# 0-1

[Event "Kadetska liga - dekleta"]
[Site "Nova Gorica"]
[Date "2019.05.24"]
[Round "1"]
[White "Radej, Pika"]
[Black "Grilanc, Luna"]
[Result "1-0"]
[WhiteElo "1053"]
[BlackElo "1349"]
[PlyCount "97"]
[EventDate "2019.05.24"]

1. e4 e5 2. Nf3 Nc6 3. Bc4 Nf6 4. Nc3 Bd6 5. O-O O-O 6. d3 Bc5 7. Be3 Bb4 8. a3
Be7 9. h3 d6 10. Qe2 Bd7 11. Rad1 Rc8 12. Rfe1 Na5 13. Ba2 b6 14. d4 Re8 15.
dxe5 Nh5 16. exd6 cxd6 17. e5 dxe5 18. Nxe5 Nf6 19. Bxf7+ Kf8 20. Bxe8 Qxe8 21.
Qf3 Rd8 22. Nxd7+ Rxd7 23. Rxd7 Qxd7 24. Rd1 Qe6 25. Qa8+ Kf7 26. Qxa7 Nc4 27.
Re1 Ne8 28. Qb7 Ned6 29. Qd5 Na5 30. Qxe6+ Kxe6 31. Bxb6+ Kf7 32. Bxa5 Bh4 33.
Bb4 Nc4 34. b3 Nb2 35. Rb1 Bf6 36. Rxb2 g5 37. Rb1 h6 38. Re1 h5 39. Nd5 Bd4
40. c4 Kg6 41. c5 h4 42. c6 Kf5 43. c7 g4 44. c8=Q+ Kg5 45. Qxg4+ Kh6 46. Bf8+
Kh7 47. Re7+ Kh8 48. Qxd4+ Kg8 49. Qg7# 1-0

[Event "Kadetska liga - dekleta"]
[Site "Nova Gorica"]
[Date "2019.05.24"]
[Round "1"]
[White "Pajek, Tjasa"]
[Black "Sertelj, Kiani Nia"]
[Result "1-0"]
[WhiteElo "1453"]
[BlackElo "1737"]
[PlyCount "79"]
[EventDate "2019.05.24"]

1. e4 e5 2. Nf3 Nc6 3. Bc4 Nf6 4. Ng5 d5 5. exd5 Na5 6. Bb5+ c6 7. dxc6 bxc6 8.
Be2 h6 9. Nf3 e4 10. Ne5 Qd4 11. Ng4 Bc5 12. O-O Nxg4 13. Bxg4 Ba6 14. Be2 Bxe2
15. Qxe2 O-O 16. c3 Qd3 17. Qxd3 exd3 18. b4 Bxf2+ 19. Rxf2 Nc4 20. Na3 Nb6 21.
Bb2 Na4 22. Rb1 Rab8 23. Nc4 Rfe8 24. Ba1 c5 25. Nb2 Nxb2 26. Rxb2 cxb4 27.
cxb4 Rec8 28. Rb1 Rc2 29. Bc3 Rxa2 30. Rf3 Rd8 31. Re1 Rd6 32. Re8+ Kh7 33.
Rxf7 Rg6 34. Ree7 h5 35. Rxg7+ Kh6 36. Rxg6+ Kxg6 37. Re3 Ra6 38. Rxd3 Re6 39.
Re3 Rc6 40. d4 1-0

[Event "Kadetska liga - dekleta"]
[Site "Nova Gorica"]
[Date "2019.05.24"]
[Round "1"]
[White "Knavs, Ana"]
[Black "Bizjak, Alja"]
[Result "0-1"]
[WhiteElo "1552"]
[BlackElo "1151"]
[PlyCount "130"]
[EventDate "2019.05.24"]

1. e4 e5 2. Nf3 Nc6 3. Bc4 Nf6 4. d3 Bb4+ 5. Bd2 Bxd2+ 6. Nbxd2 h6 7. O-O d6 8.
h3 Qe7 9. Re1 Be6 10. Bb3 Bxb3 11. axb3 Qe6 12. Nh4 Ne7 13. Qf3 g5 14. Nf5 Nxf5
15. exf5 Qe7 16. Qxb7 Qd8 17. Rxa7 Rxa7 18. Qxa7 Nd5 19. c4 Nf4 20. d4 f6 21.
dxe5 dxe5 22. Ne4 O-O 23. Nc3 Qd6 24. Nb5 Qc6 25. f3 Nd3 26. Rb1 Qb6+ 27. Qxb6
cxb6 28. Nc3 Nc5 29. b4 Nd3 30. b5 Rc8 31. Nd5 Rxc4 32. Nxb6 Rb4 33. Nd5 Rxb5
34. Nxf6+ Kg7 35. Nh5+ Kf7 36. b3 Nc5 37. Re1 Nxb3 38. Rd1 Nd4 39. Kf2 Nxf5 40.
Rd7+ Ne7 41. Ng3 Rd5 42. Ra7 Ke6 43. Ra6+ Rd6 44. Rxd6+ Kxd6 45. Ne4+ Ke6 46.
Kg3 Kf5 47. Nd6+ Ke6 48. Ne4 Kf5 49. h4 gxh4+ 50. Kxh4 Kg6 51. Kg4 h5+ 52. Kh4
Nf5+ 53. Kh3 Ne7 54. g4 hxg4+ 55. fxg4 Nd5 56. Kh4 Nf6 57. g5 Nxe4 58. Kg4 Nxg5
59. Kg3 Kf5 60. Kh4 e4 61. Kg3 e3 62. Kg2 Kf4 63. Kf1 Kf3 64. Ke1 e2 65. Kd2
Kf2 0-1

[Event "Kadetska liga - fantje"]
[Site "Nova Gorica"]
[Date "2019.05.24"]
[Round "1"]
[White "Brilej, Jaka"]
[Black "Olenik Campa, Rudi"]
[Result "1-0"]
[WhiteElo "2050"]
[BlackElo "1847"]
[PlyCount "85"]
[EventDate "2019.05.24"]

1. e4 e6 2. d4 d5 3. Nc3 Nf6 4. e5 Nfd7 5. f4 c5 6. Nf3 Nc6 7. Be3 a6 8. Qd2 b5
9. dxc5 Bxc5 10. Bd3 Qb6 11. Bf2 Bxf2+ 12. Qxf2 Qxf2+ 13. Kxf2 Nc5 14. Ke3 Ke7
15. Ne2 Bd7 16. Ned4 Nxd3 17. cxd3 Rhc8 18. Rhc1 Nxd4 19. Nxd4 b4 20. Nb3 f6
21. Rxc8 Rxc8 22. Rc1 g5 23. Rxc8 Bxc8 24. g3 gxf4+ 25. gxf4 fxe5 26. fxe5 Kd7
27. Kf4 Ke7 28. Kg5 Kf7 29. Kh6 Kg8 30. Nc5 Kh8 31. d4 Kg8 32. a3 bxa3 33. bxa3
Kh8 34. h4 Kg8 35. Nd3 Bd7 36. Nf4 a5 37. Nh5 Kh8 38. Nf6 Bb5 39. Nxh7 Bd3 40.
Nf6 Bb5 41. Kg6 Bd3+ 42. Kf7 Bf5 43. Nd7 1-0

[Event "Kadetska liga - fantje"]
[Site "Nova Gorica"]
[Date "2019.05.24"]
[Round "1"]
[White "Hiti, Erik"]
[Black "Stern, Urban"]
[Result "*"]
[WhiteElo "1559"]
[BlackElo "1765"]
[PlyCount "72"]
[EventDate "2019.05.24"]

1. e4 c5 2. Nc3 Nc6 3. f4 g6 4. Nf3 Bg7 5. Bb5 Nd4 6. d3 Qa5 7. Bc4 Nxf3+ 8.
gxf3 b5 9. Bd5 Rb8 10. Bd2 e6 11. Bb3 Qc7 12. a4 b4 13. Nb5 Qb6 14. e5 Bf8 15.
Be3 Nh6 16. Nd6+ Bxd6 17. exd6 Qxd6 18. Qe2 Nf5 19. Bd2 Nd4 20. Qe3 Bb7 21. Rf1
Qe7 22. O-O-O d6 23. Rf2 Bc6 24. Rdf1 Qd7 25. a5 Ba4 26. Kd1 Bxb3 27. cxb3 Qb5
28. f5 Nxf5 29. Qe4 Qxa5 30. Qc6+ Ke7 31. Qa4 Qb5 32. Qxa7+ Rb7 33. Qa4 Qxd3
34. Re1 Nd4 35. Re3 Qc2+ 36. Ke1 Qb1+ *

[Event "Kadetska liga - fantje"]
[Site "Nova Gorica"]
[Date "2019.05.24"]
[Round "1"]
[White "Zelj, Lan"]
[Black "Kosanovic, Aleksander"]
[Result "*"]
[WhiteElo "1102"]
[BlackElo "1782"]
[PlyCount "98"]
[EventDate "2019.05.24"]

1. e4 c5 2. Nf3 Nc6 3. d4 cxd4 4. Nxd4 Nf6 5. Nc3 e5 6. Nb3 Bb4 7. f3 d5 8. Be3
d4 9. Bb5 dxc3 10. Qxd8+ Kxd8 11. Rd1+ Ke7 12. Bc5+ Bxc5 13. Nxc5 a6 14. Be2
Be6 15. bxc3 Rhd8 16. Kf2 b5 17. Nb7 Rd7 18. Nc5 Rxd1 19. Rxd1 Bxa2 20. g4 Be6
21. Nxe6 Kxe6 22. g5 Nh5 23. f4 Nxf4 24. Bg4+ Ke7 25. Rd7+ Ke8 26. Rd6 Nd8 27.
Rd7 Nde6 28. Bxe6 Nxe6 29. Rd5 f6 30. gxf6 gxf6 31. Rd6 Ke7 32. Rd3 Nf4 33. Rd1
Rd8 34. Rxd8 Kxd8 35. Ke3 Kc7 36. Kf3 h5 37. Ke3 Kd6 38. Kf2 Kc5 39. Ke3 Kc4
40. Kd2 a5 41. Kc1 Kxc3 42. Kb1 a4 43. Kc1 a3 44. Kb1 b4 45. Ka2 Kxc2 46. h4
b3+ 47. Ka1 b2+ 48. Ka2 b1=Q+ 49. Kxa3 Qb3# *

[Event "Kadetska liga - fantje"]
[Site "Nova Gorica"]
[Date "2019.05.24"]
[Round "1"]
[White "Luznik Robba, Jaka"]
[Black "Gregoric, Andraz"]
[Result "0-1"]
[WhiteElo "1159"]
[BlackElo "1875"]
[PlyCount "48"]
[EventDate "2019.05.24"]

1. e4 e5 2. Nf3 Nc6 3. Bc4 Bc5 4. O-O Nf6 5. Nc3 O-O 6. d3 h6 7. Nd5 d6 8. a3
Nxd5 9. Bxd5 Ne7 10. Bc4 Ng6 11. Be3 Bb6 12. Qd2 Be6 13. Bxe6 fxe6 14. Bxh6
gxh6 15. Qxh6 Rf6 16. Ng5 Qe7 17. Kh1 Qg7 18. Qh3 Nf4 19. Qh4 Qh6 20. Qg4 Rg6
21. h4 Kg7 22. g3 Rh8 23. Kh2 Rxg5 24. Qd1 Qxh4+ 0-1

[Event "Kadetska liga - fantje"]
[Site "Nova Gorica"]
[Date "2019.05.24"]
[Round "1"]
[White "Herega, Nejc"]
[Black "Lapajne Melink, Jakob"]
[Result "1-0"]
[WhiteElo "1869"]
[BlackElo "1646"]
[PlyCount "91"]
[EventDate "2019.05.24"]

1. d4 d5 2. c4 e6 3. Nc3 Nf6 4. cxd5 Nxd5 5. e4 Nxc3 6. bxc3 c5 7. Nf3 cxd4 8.
cxd4 Bb4+ 9. Bd2 Bxd2+ 10. Qxd2 Nc6 11. Bc4 O-O 12. O-O Qa5 13. Qf4 Nxd4 14.
Nxd4 e5 15. Nb3 Qb4 16. Qc1 Bd7 17. a3 Qe7 18. Qe3 Rfc8 19. Rfc1 Be6 20. Bxe6
Rxc1+ 21. Rxc1 Qxe6 22. Qc3 h6 23. h3 f5 24. Nc5 Qc8 25. Qxe5 fxe4 26. Qxe4 Qc6
27. Qxc6 bxc6 28. Nd7 Rd8 29. Ne5 Rd5 30. Nxc6 Rd3 31. a4 Ra3 32. Rc4 a6 33.
Nb8 Ra1+ 34. Kh2 Ra2 35. f3 Rb2 36. Nxa6 Rb6 37. Nb4 Rb7 38. a5 Rb5 39. a6 Kf7
40. Nc6 Rb6 41. a7 g5 42. a8=Q Rb3 43. Ne5+ Kf6 44. Qc6+ Kxe5 45. Re4+ Kf5 46.
g4# 1-0

[Event "Kadetska liga - fantje"]
[Site "Nova Gorica"]
[Date "2019.05.24"]
[Round "1"]
[White "Gorjup, Zan"]
[Black "Vicic, Mark"]
[Result "0-1"]
[WhiteElo "1581"]
[BlackElo "1669"]
[PlyCount "90"]
[EventDate "2019.05.24"]

1. e4 c5 2. Bc4 Nc6 3. d3 e6 4. Nf3 Nf6 5. Nc3 Be7 6. O-O O-O 7. h3 a6 8. Bf4
b5 9. Bb3 d5 10. exd5 exd5 11. Nxd5 Nxd5 12. Bxd5 Qxd5 13. c4 bxc4 14. dxc4
Qxc4 15. Bd6 Qe6 16. Bxe7 Qxe7 17. Re1 Be6 18. Ne5 Nxe5 19. Rxe5 Rfd8 20. Qe1
Qf6 21. Rc1 Qg6 22. Qe3 Rd3 23. Qg5 Qxg5 24. Rxg5 Rd2 25. Rgxc5 Rad8 26. R5c2
Rxc2 27. Rxc2 Bxa2 28. b4 Bb3 29. Rc3 Be6 30. Rc6 Ra8 31. Rb6 Kf8 32. b5 axb5
33. Rxb5 Ke7 34. Rb7+ Kf6 35. Rb4 g5 36. h4 h6 37. f3 Rc8 38. hxg5+ hxg5 39.
Kh2 Rc4 40. Rxc4 Bxc4 41. g3 Kf5 42. Kh3 Be2 43. g4+ Kf4 44. Kh2 Bxf3 45. Kh3
Bxg4+ 0-1

[Event "Kadetska liga - fantje"]
[Site "Nova Gorica"]
[Date "2019.05.24"]
[Round "1"]
[White "Lavrencic, Matic"]
[Black "Bizjak, Anej"]
[Result "1-0"]
[WhiteElo "1570"]
[BlackElo "1617"]
[PlyCount "57"]
[EventDate "2019.05.24"]

1. e4 d5 2. exd5 Qxd5 3. Nc3 Qd8 4. d4 e6 5. Nf3 Nf6 6. Bd3 Nc6 7. O-O a6 8.
Re1 Nxd4 9. Nxd4 Bc5 10. Nf3 Qd6 11. Be3 Bxe3 12. Rxe3 Ng4 13. Re1 Qb6 14. Qe2
Qxb2 15. Ne4 b6 16. Nfg5 f5 17. Ng3 O-O 18. Nxe6 Re8 19. Bc4 Kh8 20. Qf3 Rb8
21. Nxc7 Re5 22. Red1 Bb7 23. Qd3 Rf8 24. Rab1 Re1+ 25. Rxe1 Qf6 26. Qxf5 Qd6
27. Qxf8+ Qxf8 28. Re8 Qxe8 29. Nxe8 1-0

[Event "Kadetska liga - fantje"]
[Site "Nova Gorica"]
[Date "2019.05.24"]
[Round "1"]
[White "Kobe, Jure"]
[Black "Marinc, Primoz"]
[Result "*"]
[WhiteElo "1426"]
[BlackElo "1426"]
[PlyCount "98"]
[EventDate "2019.05.24"]

1. e4 e5 2. Nf3 Nc6 3. Bb5 a6 4. Ba4 Bc5 5. c3 d6 6. O-O Bg4 7. h3 Bh5 8. Re1
Nf6 9. d3 O-O 10. Nbd2 Ne7 11. Nf1 Bxf3 12. Qxf3 Kh8 13. Bg5 Ng6 14. Ng3 h6 15.
Bxf6 Qxf6 16. Qxf6 gxf6 17. Nf5 Kh7 18. g3 Rg8 19. d4 Bb6 20. Kh2 Ba5 21. b4
Bb6 22. Bb3 Rgf8 23. Rad1 a5 24. a4 axb4 25. cxb4 exd4 26. Nxd4 Ne5 27. Kg2 Nc6
28. Nxc6 bxc6 29. Rc1 c5 30. a5 Ba7 31. b5 Rab8 32. Bc4 Kg7 33. Rb1 Rfe8 34.
Rb2 f5 35. Bd5 fxe4 36. Reb1 Rbd8 37. b6 cxb6 38. Rxb6 Bxb6 39. Rxb6 Re5 40.
Bb7 c4 41. a6 c3 42. Rb1 Ra5 43. Rc1 d5 44. Rxc3 d4 45. Rc1 d3 46. Rd1 f5 47.
Kf1 Kf6 48. Ke1 Ke5 49. Kd2 Kd4 *

[Event "Kadetska liga - fantje"]
[Site "Nova Gorica"]
[Date "2019.05.24"]
[Round "1"]
[White "Despotovic, Pavle"]
[Black "Kastrevec, Andrej"]
[Result "1/2-1/2"]
[WhiteElo "1073"]
[BlackElo "1288"]
[PlyCount "129"]
[EventDate "2019.05.24"]

1. d4 Nf6 2. c4 e6 3. Nc3 d5 4. Bg5 Be7 5. Nf3 h6 6. Bh4 b6 7. e3 Bb7 8. Be2
O-O 9. O-O dxc4 10. Bxc4 Ne4 11. Bxe7 Qxe7 12. Nxe4 Bxe4 13. Bd3 Bxd3 14. Qxd3
Nd7 15. Rac1 c5 16. b3 Rfd8 17. Qe4 Nf6 18. Qc2 Rac8 19. Qe2 Rc7 20. Ne5 Nd7
21. Nxd7 Rdxd7 22. Rfd1 cxd4 23. Rxc7 Rxc7 24. Rxd4 Rc1+ 25. Rd1 Qa3 26. Rxc1
Qxc1+ 27. Qf1 Qb2 28. Qa6 Qb1+ 29. Qf1 Qxa2 30. Qd1 Qa6 31. Qd8+ Kh7 32. g3 f6
33. Qd6 e5 34. Qd7 Qa1+ 35. Kg2 Qc3 36. Qf5+ Kh8 37. Qb1 a5 38. Qa2 b5 39. Qa3
a4 40. Qf8+ Kh7 41. bxa4 bxa4 42. Qb8 Qb3 43. Qa8 Qc2 44. Qa5 Qc6+ 45. Kh3 Qe4
46. Qa6 Qc2 47. Kg2 Qb3 48. Qe2 a3 49. Qf3 Qb1 50. e4 Qb4 51. Qf5+ Kg8 52. Qe6+
Kf8 53. Qc8+ Kf7 54. Qd7+ Qe7 55. Qd5+ Kg6 56. Qa2 Kh7 57. h4 Qb4 58. Qc2 Qd4
59. Qb1 Qb2 60. Qd1 f5 61. exf5 Qb7+ 62. f3 Qb2+ 63. Kh3 Qd4 64. Qb3 Qd6 65.
Qc2 1/2-1/2

[Event "Kadetska liga - fantje"]
[Site "Nova Gorica"]
[Date "2019.05.24"]
[Round "1"]
[White "Vaupot, Luka"]
[Black "Skrbec, Leon"]
[Result "1/2-1/2"]
[WhiteElo "1857"]
[BlackElo "1884"]
[PlyCount "39"]
[EventDate "2019.05.24"]

1. d4 Nf6 2. Nf3 g6 3. c4 Bg7 4. Nc3 O-O 5. g3 c6 6. Bg2 d5 7. O-O Bf5 8. Qb3
Qb6 9. cxd5 Qxb3 10. axb3 Nxd5 11. Re1 Nb4 12. Ra4 N8a6 13. e4 Be6 14. d5 cxd5
15. exd5 Nxd5 16. Nxd5 Bxd5 17. Rxe7 Bc6 18. Rc4 Bf6 19. Re1 Rfe8 20. Bf4 {
necitljivo} 1/2-1/2

[Event "Kadetska liga - fantje"]
[Site "Nova Gorica"]
[Date "2019.05.24"]
[Round "1"]
[White "Kaluza, Dominik"]
[Black "Strazisnik, Enej"]
[Result "1-0"]
[WhiteElo "1525"]
[BlackElo "1183"]
[PlyCount "77"]
[EventDate "2019.05.24"]

1. d4 Nf6 2. Nf3 e6 3. Bf4 c5 4. c3 d5 5. e3 Be7 6. Nbd2 O-O 7. Bd3 Nc6 8. O-O
a6 9. h3 c4 10. Be2 b5 11. Qc2 Bd6 12. Bxd6 Qxd6 13. e4 dxe4 14. Nxe4 Nxe4 15.
Qxe4 Qd5 16. Qxd5 exd5 17. Rfe1 Re8 18. Nd2 Bf5 19. Bf3 Be6 20. Re3 Re7 21.
Rae1 Rae8 22. R3e2 Na7 23. Bxd5 Nc8 24. Bxe6 Rxe6 25. Kf1 Rxe2 26. Rxe2 Rxe2
27. Kxe2 Nd6 28. Kf3 Kf8 29. Ne4 Ke7 30. b3 f5 31. Nc5 a5 32. Kf4 Kf6 33. g4
g5+ 34. Kf3 f4 35. Ne4+ Nxe4 36. Kxe4 Ke6 37. f3 h6 38. bxc4 bxc4 39. d5+ 1-0

[Event "Kadetska liga - fantje"]
[Site "Nova Gorica"]
[Date "2019.05.24"]
[Round "1"]
[White "Acimovic, Sergej"]
[Black "Hazdovac, Jaka"]
[Result "1-0"]
[WhiteElo "2030"]
[BlackElo "1633"]
[PlyCount "53"]
[EventDate "2019.05.24"]

1. d4 g6 2. c4 Bg7 3. Nc3 Nf6 4. e4 O-O 5. Nf3 b6 6. Be2 Bb7 7. Qc2 d6 8. O-O
Re8 9. Bd2 Nbd7 10. Rac1 Rc8 11. Rfe1 c5 12. d5 e6 13. Nb5 a6 14. Nxd6 Qc7 15.
Nxe8 Rxe8 16. Bc3 exd5 17. exd5 Ne4 18. Bxg7 Kxg7 19. Bd3 Ndf6 20. Bxe4 Bc8 21.
Bd3 Bg4 22. Rxe8 Nxe8 23. Re1 Bd7 24. Qe2 Nf6 25. Qe7 Ng8 26. Qe5+ Kf8 27. Qxc7
1-0

[Event "Kadetska liga - fantje"]
[Site "Nova Gorica"]
[Date "2019.05.24"]
[Round "1"]
[White "Ferfole, Ziga"]
[Black "Jalovec, Igor"]
[Result "0-1"]
[WhiteElo "1717"]
[BlackElo "1424"]
[PlyCount "48"]
[EventDate "2019.05.24"]

1. e4 e5 2. Nf3 Nc6 3. Bc4 Nf6 4. Ng5 d5 5. exd5 Na5 6. Bb5+ c6 7. dxc6 bxc6 8.
Be2 h6 9. Nf3 e4 10. Ne5 Bc5 11. O-O Qc7 12. Ng4 Nxg4 13. Bxg4 O-O 14. Bxc8
Raxc8 15. Qg4 f5 16. Qe2 Bd6 17. g3 Rce8 18. d3 f4 19. dxe4 f3 20. Qd3 Rd8 21.
Qe3 Qf7 22. Bd2 Qh5 23. Qxa7 Qh3 24. Bxh6 Qg2# 0-1

[Event "Kadetska liga - fantje"]
[Site "Nova Gorica"]
[Date "2019.05.24"]
[Round "1"]
[White "Grisin, Lia"]
[Black "Anzelj, Tim"]
[Result "1-0"]
[WhiteElo "1613"]
[BlackElo "1539"]
[PlyCount "84"]
[EventDate "2019.05.24"]

1. e4 e6 2. d4 Nc6 3. Nf3 f6 4. Bf4 Nh6 5. Bxh6 gxh6 6. d5 exd5 7. Qxd5 Bb4+ 8.
c3 Bf8 9. Bc4 Qe7 10. Qh5+ Kd8 11. Qd5 Qe6 12. Qxe6 dxe6 13. O-O Na5 14. Rd1+
Bd7 15. Bxe6 Ke7 16. Bxd7 Rd8 17. Ba4 c6 18. Rxd8 Kxd8 19. Nbd2 Be7 20. Rd1 Ke8
21. Nb3 b5 22. Nxa5 bxa4 23. Nxc6 Bc5 24. Rd8+ Kf7 25. Rxh8 Kg7 26. Rc8 a3 27.
Rc7+ Kf8 28. bxa3 Bxa3 29. Rxa7 Bb2 30. Rxh7 Bxc3 31. Rxh6 Kg7 32. Rh5 Kg6 33.
Rc5 Bb2 34. a4 Ba3 35. Rc3 Bb2 36. Rb3 Ba1 37. a5 f5 38. exf5+ Kxf5 39. a6 Bf6
40. a7 Ke6 41. a8=Q Kd6 42. Rd3+ Kc7 1-0

[Event "Kadetska liga - fantje"]
[Site "Nova Gorica"]
[Date "2019.05.24"]
[Round "1"]
[White "Robic, Ziga"]
[Black "Mohar, Martin"]
[Result "*"]
[WhiteElo "1762"]
[BlackElo "1673"]
[PlyCount "65"]
[EventDate "2019.05.24"]

1. e4 c5 2. Nf3 Nc6 3. d4 cxd4 4. Nxd4 e5 5. Nxc6 bxc6 6. Nc3 Nf6 7. f4 Bb4 8.
Qf3 Qe7 9. a3 Bxc3+ 10. Qxc3 exf4 11. Qf3 Qxe4+ 12. Qxe4+ Nxe4 13. Bxf4 O-O 14.
Bd3 Re8 15. O-O Nc5 16. Rae1 Ba6 17. Bxa6 Nxa6 18. Rd1 d5 19. Bg3 Re2 20. Rf2
Rae8 21. Kf1 Nc5 22. Rxe2 Ne4 23. Bf2 f6 24. Bxa7 Kf7 25. Rde1 h5 26. c4 f5 27.
cxd5 cxd5 28. Rc2 Kg6 29. h4 f4 30. Rc6+ Kf5 31. Kg1 Kg4 32. Rg6+ Kxh4 33. Bf2+
*

[Event "Kadetska liga - fantje"]
[Site "Nova Gorica"]
[Date "2019.05.24"]
[Round "1"]
[White "Cigut, Matjaz"]
[Black "Skantar, Nejc"]
[Result "1-0"]
[WhiteElo "1132"]
[BlackElo "1480"]
[PlyCount "53"]
[EventDate "2019.05.24"]

1. e4 e5 2. Nf3 Nc6 3. Bb5 Nf6 4. d3 Bc5 5. c3 O-O 6. Bxc6 dxc6 7. Nxe5 Bd6 8.
Nf3 Bg4 9. Nbd2 Qe7 10. O-O h6 11. h3 Bxf3 12. Nxf3 b6 13. Re1 Bc5 14. d4 Rad8
15. Qc2 Bxd4 16. Nxd4 Qc5 17. Be3 Qd6 18. Bxh6 gxh6 19. e5 Qd5 20. exf6 c5 21.
Nf3 Rfe8 22. c4 Rxe1+ 23. Rxe1 Qc6 24. Qc3 Rd6 25. Ne5 Qe8 26. Qg3+ Kf8 27.
Qg7# 1-0

[Event "Kadetska liga - fantje"]
[Site "Nova Gorica"]
[Date "2019.05.24"]
[Round "1"]
[White "Spiler, Sergej"]
[Black "Skof, Samo"]
[Result "0-1"]
[WhiteElo "1507"]
[BlackElo "1418"]
[PlyCount "70"]
[EventDate "2019.05.24"]

1. e4 e5 2. Nf3 Nc6 3. Bc4 Bc5 4. Nc3 Nf6 5. d3 h6 6. Be3 d6 7. Nd5 Bxe3 8.
fxe3 O-O 9. Nxf6+ Qxf6 10. O-O Qg6 11. Nh4 Qg5 12. Qf3 Be6 13. Bxe6 fxe6 14. g3
Rxf3 15. Rxf3 Rf8 16. Rxf8+ Kxf8 17. Rf1+ Kg8 18. Nf3 Qxe3+ 19. Rf2 Qc1+ 20.
Rf1 Qxc2 21. Ne1 Qxb2 22. Rf2 Qd4 23. Nf3 Qxd3 24. Ne1 Qxe4 25. Ng2 Nd4 26. Ne1
c5 27. Nc2 Nxc2 28. Rxc2 Qxc2 29. h4 Qxa2 30. Kh1 b5 31. g4 b4 32. h5 b3 33. g5
Qc2 34. g6 b2 35. Kg1 b1=R# 0-1

[Event "Kadetska liga - fantje"]
[Site "Nova Gorica"]
[Date "2019.05.24"]
[Round "1"]
[White "Macek, Inti"]
[Black "Zidar, Jernej"]
[Result "0-1"]
[WhiteElo "1083"]
[BlackElo "1618"]
[PlyCount "74"]
[EventDate "2019.05.24"]

1. e4 c5 2. Nc3 d6 3. Bb5+ Nd7 4. Nf3 a6 5. Bc4 Ngf6 6. d4 cxd4 7. Nxd4 b5 8.
Bd5 Nxd5 9. exd5 Bb7 10. O-O g6 11. Nc6 Qc7 12. Qf3 Bxc6 13. dxc6 Ne5 14. Qe4
Qxc6 15. Nd5 Rc8 16. c3 Qc4 17. Qxc4 bxc4 18. b3 Rc5 19. Rd1 Bg7 20. b4 Rc8 21.
Re1 e6 22. f4 Nd3 23. Re3 Kd8 24. Nb6 Rc6 25. Na4 d5 26. Nb2 Bxc3 27. Rb1 Nxc1
28. Rxc1 Bxb2 29. Rd1 c3 30. Rb1 c2 31. Rxb2 c1=Q+ 32. Kf2 Qxb2+ 33. Kg3 Rc3
34. Rxc3 Qxc3+ 35. Kg4 h5+ 36. Kg5 Ke7 37. h4 Qg3# 0-1

[Event "Kadetska liga - fantje"]
[Site "Nova Gorica"]
[Date "2019.05.24"]
[Round "1"]
[White "Perme, Martin"]
[Black "Perme, Stanko"]
[Result "1-0"]
[WhiteElo "1416"]
[BlackElo "1582"]
[PlyCount "45"]
[EventDate "2019.05.24"]

1. e4 e5 2. Nf3 Nc6 3. Bc4 Nf6 4. Nc3 Bc5 5. d3 h6 6. Be3 Bb6 7. Qd2 d6 8. h3
Be6 9. Bb3 Bxb3 10. axb3 Qd7 11. Bxb6 cxb6 12. O-O-O O-O 13. g4 Rac8 14. g5
hxg5 15. Qxg5 Qc7 16. Rdg1 g6 17. Qxf6 Nb4 18. Kb1 Qc5 19. Rg2 b5 20. Rhg1 Qc7
21. Rxg6+ fxg6 22. Rxg6+ Qg7 23. Qxg7# 1-0

[Event "Kadetska liga - fantje"]
[Site "Nova Gorica"]
[Date "2019.05.24"]
[Round "1"]
[White "Babarovic, Fran"]
[Black "Cimperman, Teo"]
[Result "1/2-1/2"]
[WhiteElo "1572"]
[BlackElo "1275"]
[PlyCount "73"]
[EventDate "2019.05.24"]

1. e4 c5 2. Nf3 d6 3. Nc3 Nf6 4. d4 cxd4 5. Nxd4 g6 6. Bc4 Bg7 7. Bg5 O-O 8.
O-O Nc6 9. Nb3 Bd7 10. Qd2 Ne5 11. Bd3 Nxd3 12. cxd3 Rc8 13. Rac1 Be6 14. Nd4
Bd7 15. Bh6 Qb6 16. Be3 Ng4 17. Nf5 Qd8 18. Nxg7 Nxe3 19. Qxe3 Kxg7 20. Qxa7 b6
21. Qa6 e5 22. Nd5 Qg5 23. Qxb6 Bh3 24. Ne3 f5 25. Kh1 Rxc1 26. Rxc1 Bg4 27.
Qxd6 f4 28. Rc7+ Rf7 29. Rxf7+ Kxf7 30. Qc7+ Kg8 31. Nxg4 Qxg4 32. Qd8+ Kf7 33.
Qd5+ Kf8 34. f3 Qh4 35. h3 Qe1+ 36. Kh2 Qg3+ 37. Kh1 1/2-1/2

[Event "Kadetska liga - fantje"]
[Site "Nova Gorica"]
[Date "2019.05.24"]
[Round "1"]
[White "Pertovt, Crt"]
[Black "Berlot, Tian"]
[Result "0-1"]
[WhiteElo "1060"]
[BlackElo "1560"]
[PlyCount "126"]
[EventDate "2019.05.24"]

1. Nc3 e5 2. Nf3 Nc6 3. Nxe5 Nxe5 4. d4 Ng6 5. e4 Bb4 6. a3 Bxc3+ 7. bxc3 Nf6
8. f3 Qe7 9. Bd3 Nf8 10. Bb2 d5 11. e5 Ng6 12. Bb5+ c6 13. Ba4 b5 14. Bb3 c5
15. dxc5 Qxe5+ 16. Qe2 Qxe2+ 17. Kxe2 Nf4+ 18. Kf2 O-O 19. g3 Ng6 20. a4 Bd7
21. g4 bxa4 22. Bxa4 Bxa4 23. Rxa4 Rab8 24. Ba3 Rfe8 25. Rxa7 Nf4 26. Kg3 Ne2+
27. Kf2 Nxc3 28. Bb2 Rxb2 29. Rc1 g6 30. c6 Re2+ 31. Kg3 Ra2 32. Rxa2 Nxa2 33.
c7 Re8 34. Ra1 Rc8 35. Rxa2 Rxc7 36. g5 Nd7 37. Kg4 f5+ 38. Kf4 Rc4+ 39. Ke3
f4+ 40. Kd3 Nc5+ 41. Kd2 Rd4+ 42. Kc3 Rc4+ 43. Kd2 Rd4+ 44. Kc3 Ne6 45. Kb3
Nc5+ 46. Kc3 Rd1 47. Kb4 Nd7 48. Kb5 Ne5 49. Kb4 Nxf3 50. Kb3 Nxg5 51. Kb2 Rd4
52. Kc3 Rd1 53. Kb2 Rh1 54. Ra8+ Kg7 55. Ra7+ Nf7 56. Ra5 d4 57. Rd5 Rxh2 58.
Rxd4 f3 59. Kc3 f2 60. Rd1 Rh3+ 61. Kd2 Rh2 62. Ke2 f1=Q+ 63. Ke3 Qxd1 0-1

[Event "Kadetska liga - fantje"]
[Site "Nova Gorica"]
[Date "2019.05.24"]
[Round "1"]
[White "Morencic, Mathias"]
[Black "Mitic, Andrija"]
[Result "0-1"]
[WhiteElo "1531"]
[BlackElo "1045"]
[PlyCount "86"]
[EventDate "2019.05.24"]

1. g3 e5 2. e4 d6 3. Nc3 Be6 4. d3 Be7 5. Nd5 c6 6. Nxe7 Nxe7 7. d4 d5 8. dxe5
dxe4 9. Qxd8+ Kxd8 10. Bf4 Bd5 11. O-O-O e3 12. f3 Nd7 13. Bh3 f5 14. g4 e2 15.
Nxe2 Bxf3 16. Rhe1 fxg4 17. Bf1 Bd5 18. e6 Bxe6 19. Nd4 Bxa2 20. Bg5 Re8 21.
Ne6+ Bxe6 22. Rxe6 h6 23. Bxe7+ Rxe7 24. Rg6 h5 25. h3 g3 26. Rxg3 Kc7 27. h4
Rae8 28. Kd2 Nc5 29. Kc3 Ne4+ 30. Kd4 Nxg3 31. Bh3 Rd8+ 32. Kc3 Rxd1 33. b3 Nh1
34. Kb2 Re3 35. Bf5 Ng3 36. Bh3 Ne4 37. Bf5 Nc5 38. Ka3 a5 39. Kb2 a4 40. Ka3
axb3 41. Kb4 Na6+ 42. Ka4 b2 43. c4 Re5 0-1